|
|
|
|
| LEADER |
01689nam a2200433Ia 4500 |
| 001 |
EBC168841 |
| 003 |
MiAaPQ |
| 005 |
20200520144314.0 |
| 006 |
m o d | |
| 007 |
cr cn||||||||| |
| 008 |
960214s1996 enk sb 001 0 eng d |
| 010 |
|
|
|z 96011336
|
| 020 |
|
|
|z 0203205758
|
| 020 |
|
|
|z 0415146534 (alk. paper)
|
| 020 |
|
|
|z 0415138647 (pbk. : alk. paper)
|
| 035 |
|
|
|a (MiAaPQ)EBC168841
|
| 035 |
|
|
|a (Au-PeEL)EBL168841
|
| 035 |
|
|
|a (CaPaEBR)ebr10058148
|
| 035 |
|
|
|a (CaONFJC)MIL32402
|
| 035 |
|
|
|a (OCoLC)437077664
|
| 040 |
|
|
|a MiAaPQ
|c MiAaPQ
|d MiAaPQ
|
| 050 |
|
4 |
|a HC241.25.U5
|b P48 1996
|
| 082 |
0 |
4 |
|a 337.4073
|2 20
|
| 100 |
1 |
|
|a Peterson, John,
|d 1958-
|
| 245 |
1 |
0 |
|a Europe and America
|h [electronic resource] :
|b the prospects for partnership /
|c John Peterson.
|
| 250 |
|
|
|a 2nd ed.
|
| 260 |
|
|
|a London ;
|a New York :
|b Routledge,
|c 1996.
|
| 300 |
|
|
|a xii, 240 p.
|
| 500 |
|
|
|a Updated ed. of: Europe and America in the 1990s / John Peterson. 1993.
|
| 504 |
|
|
|a Includes bibliographical references (p. [211]-232) and index.
|
| 533 |
|
|
|a Electronic reproduction. Ann Arbor, MI : ProQuest, 2015. Available via World Wide Web. Access may be limited to ProQuest affiliated libraries.
|
| 610 |
2 |
0 |
|a European Economic Community
|z United States.
|
| 650 |
|
0 |
|a International relations.
|
| 651 |
|
0 |
|a United States
|x Foreign economic relations
|z Europe.
|
| 651 |
|
0 |
|a Europe
|x Foreign economic relations
|z United States.
|
| 655 |
|
4 |
|a Electronic books.
|
| 700 |
1 |
|
|a Peterson, John,
|d 1958-
|t Europe and America in the 1990s.
|
| 710 |
2 |
|
|a ProQuest (Firm)
|
| 856 |
4 |
0 |
|u https://ebookcentral.proquest.com/lib/matrademy/detail.action?docID=168841
|z Click to View
|